000 00199 a2200097 4500
001 2326
100 _aRiegols, F W
245 _aAerofoil sections
260 _a
_bButterworth
_c
090 _c1686
_d1686
942 _aNUST-CAE
_cM
_c7624
999 _c237399
_d237399